|
|
|
|
| LEADER |
01113nam a2200349 4500 |
| 001 |
DLU120136735 |
| 005 |
##20120619 |
| 040 |
# |
# |
|a DLU
|b vie
|
| 041 |
# |
# |
|a vie
|
| 044 |
# |
# |
|a vn
|
| 082 |
# |
# |
|a 720.959 7
|b NG-K
|
| 100 |
# |
# |
|a Nguyễn Văn Kự.
|
| 245 |
# |
# |
|a Nhà Rông Tây Nguyên =
|b Rông community halls in the central highlands of Vietnam /
|c Nguyễn Văn Kự, Lưu Hùng.
|
| 246 |
# |
# |
|a Rông community halls in the central highlands of Vietnam
|
| 260 |
# |
# |
|a H. :
|b Thế giới,
|c 2007.
|
| 300 |
# |
# |
|a 313 tr. :
|b ảnh màu ;
|c 23x29 cm.
|
| 650 |
# |
# |
|a Dân tộc học
|z Việt Nam
|z Tây Nguyên.
|
| 650 |
# |
# |
|a Kiến trúc bản địa
|z Việt Nam
|z Tây Nguyên.
|
| 650 |
# |
# |
|a Tộc người thiểu số
|x Nhà ở
|z Việt Nam
|z Tây Nguyên.
|
| 651 |
# |
# |
|a Tây Nguyên (Việt Nam)
|x Đời sống xã hội và tập quán.
|
| 700 |
# |
# |
|a Lưu Hùng.
|
| 923 |
# |
# |
|a 01/2012DP
|
| 991 |
# |
# |
|a SH
|
| 992 |
# |
# |
|a 250000
|
| 994 |
# |
# |
|a KDP
|
| 900 |
# |
# |
|a True
|
| 911 |
# |
# |
|a Đào Thị Thu Huyền
|
| 925 |
# |
# |
|a G
|
| 926 |
# |
# |
|a A
|
| 927 |
# |
# |
|a SH
|
| 980 |
# |
# |
|a Thư viện Trường Đại học Đà Lạt
|